Harry Potter Characters - Sudden Death - Statistics

General Stats
  • This quiz has been taken 15,197 times
    1,017 since last reset
  • The average score is 22 of 30
Answers on the Grid
Answers color-coded by a green-red scale on the quiz's grid according to % correct below.
Albus Dumbledore
Amethyst Amelia Kelly
Bathilda Bagshot
Bellatrix Lestrange
Ben Nevis
Briar Rose
Bruno Madrigal
Cassius Clay
Cedric Diggory
Cho Chang
Christopher Robin
Cordozar Broadus
Count Dooku
Daenerys Targaryen
Draco Malfoy
Dudley Dursley
Duke of Weselton
Ebenezeer Scrooge
Fa Mulan
Fleur Delacour
Friar Tuck
Frodo Baggins
Harry Potter
Hercule Poirot
Hermione Granger
Ichabod Crane
Igor Karkaroff
Jiminy Cricket
Katie Bell
Kylo Ren
Lara Croft
Lavender Brown
Luciano Pavarotti
Luna Lovegood
Maid Marian
Minerva McGonagall
Morgan le Fay
Mundungus Fletcher
Neville Longbottom
Olympe Maxime
Optimus Prime
Padmé Amidala
Papa Furchetta
Parvati Patil
Pepper Potts
Peter Pettigrew
Peter Pevensie
Petunia Dursley
Pomona Sprout
Quasimodo
Quirinus Quirrell
Reginald Dwight
Remus Lupin
Robert Van Winkle
Ron Weasley
Rubeus Hagrid
Rufus Scrimgeour
Samwise Gamgee
Seamus Finnigan
Severus Snape
Sirius Black
Stefani Germanotta
Wendy Darling
 
Answer Stats
Answer % Correct
Albus Dumbledore
99%
Bellatrix Lestrange
90%
Cedric Diggory
86%
Draco Malfoy
85%
Cho Chang
82%
Dudley Dursley
82%
Hermione Granger
81%
Harry Potter
80%
Fleur Delacour
77%
Minerva McGonagall
76%
Sirius Black
75%
Luna Lovegood
74%
Bathilda Bagshot
73%
Neville Longbottom
73%
Rubeus Hagrid
73%
Peter Pettigrew
72%
Ron Weasley
72%
Severus Snape
71%
Remus Lupin
69%
Petunia Dursley
68%
Igor Karkaroff
67%
Lavender Brown
67%
Quirinus Quirrell
65%
Seamus Finnigan
64%
Parvati Patil
62%
Mundungus Fletcher
61%
Katie Bell
58%
Pomona Sprout
57%
Olympe Maxime
49%
Rufus Scrimgeour
49%
No matching quizzes found
Score Distribution
Percent of People with Each Score
Percentile by Number Answered
Your Score History
You have not taken this quiz since the last reset